| 000 | 00879nam a2200181 4500 | ||
|---|---|---|---|
| 999 |
_c7218 _d7218 |
||
| 020 | _a0071116244 | ||
| 020 | _a9780071116249 | ||
| 050 |
_aTK5105 _b.M553 |
||
| 100 | _aMiller Dave | ||
| 245 |
_aData communications and networks _cDave Miller |
||
| 260 |
_aBoston : _bMcGraw-Hill/Irwin, _c ©2006. |
||
| 300 |
_axiv, 418 pages : _billustrations ; _c26 cm. |
||
| 500 | _aIncludes index. | ||
| 505 | _aData communications: an introduction -- Local area networks: an introduction -- Local area networks: topologies and architectures -- Local area networks: connectivity -- Network operating systems -- Data storage and storage networks -- Voice networks -- Wide area networks -- Network security -- The Internet -- A brief history of data communications and computer networks. | ||
| 650 | _aData transmission systems. | ||
| 650 | _aComputer networks. | ||
| 942 | _cBK | ||